Emergency nursing procedures / (Record no. 10891)
[ view plain ]
| 000 -LEADER | |
|---|---|
| fixed length control field | 00629nam a22002295a 4500 |
| 001 - CONTROL NUMBER | |
| control field | 15072874 |
| 005 - DATE AND TIME OF LATEST TRANSACTION | |
| control field | 20201128013525.0 |
| 008 - FIXED-LENGTH DATA ELEMENTS--GENERAL INFORMATION | |
| fixed length control field | 071106s2008 mou 000 0 eng |
| 010 ## - LIBRARY OF CONGRESS CONTROL NUMBER | |
| LC control number | 2007940904 |
| 020 ## - INTERNATIONAL STANDARD BOOK NUMBER | |
| International Standard Book Number | 9781416040989 (pbk. : alk. paper) |
| 040 ## - CATALOGING SOURCE | |
| Original cataloging agency | DLC |
| Transcribing agency | DLC |
| 082 ## - DEWEY DECIMAL CLASSIFICATION NUMBER | |
| Edition number | 20 |
| Classification number | 610 |
| Item number | PRO |
| 100 1# - MAIN ENTRY--PERSONAL NAME | |
| Personal name | Proehl, Jean A. |
| 245 10 - TITLE STATEMENT | |
| Title | Emergency nursing procedures / |
| Statement of responsibility, etc | Jean A. Proehl. |
| 250 ## - EDITION STATEMENT | |
| Edition statement | 4th ed. |
| 260 ## - PUBLICATION, DISTRIBUTION, ETC. (IMPRINT) | |
| Place of publication, distribution, etc | St. Louis, MO : |
| Name of publisher, distributor, etc | Saunders, an imprint of Elsevier Inc., |
| Date of publication, distribution, etc | 2008. |
| 263 ## - PROJECTED PUBLICATION DATE | |
| Projected publication date | 0802 |
| 300 ## - PHYSICAL DESCRIPTION | |
| Extent | 951 p; |
| Dimensions | 25 cm |
| 650 ## - SUBJECT ADDED ENTRY--TOPICAL TERM | |
| 9 (RLIN) | 2162 |
| Topical term or geographic name as entry element | Nursing. |
| 942 ## - ADDED ENTRY ELEMENTS (KOHA) | |
| Source of classification or shelving scheme | Dewey Decimal Classification |
| Item type | Book - Borrowing |
| Withdrawn status | Item status | Source of classification or shelving scheme | Damaged status | Not for loan | Vendor | Home library | Current library | Shelving location | Date acquired | Source of acquisition | Cost, normal purchase price | Serial Enumeration / chronology | Total Checkouts | Total Renewals | Full call number | Barcode | Date last seen | Date last borrowed | Koha item type |
|---|---|---|---|---|---|---|---|---|---|---|---|---|---|---|---|---|---|---|---|
| Dewey Decimal Classification | Academic Bookshop | Central Library | Central Library | First floor | 18/02/2009 | 419.90 | 328 | 9 | 6 | 610 PRO | 000014887 | 15/07/2025 | 23/09/2018 | Book - Borrowing | |||||
| Dewey Decimal Classification | Academic Bookshop | Central Library | Central Library | First floor | 18/02/2009 | 419.90 | 328 | 6 | 22 | 610 PRO | 000014886 | 15/07/2025 | 12/12/2013 | NB - Book (Non borrowing) |